000 00195 a2200097 4500
001 42747
100 _aHill
245 _aOil Paintings
260 _aLondon
_bBlandford
_c
090 _c26638
_d26638
942 _aNUST-CAE
_cM
_c18489
999 _c277820
_d277820